Hale's history of agriculture by dates. : A simple record of historical events and victories of peaceful industries /

Bibliographic Details
Main Author: Hale, Philip Henry
Format: Book
Language:English
Published: St. Louis, Mo. : The Hale Publishing Co., 1915.
Edition:5th ed. ...
Subjects:

MARC

Tag First Indicator Second Indicator Subfields
LEADER 00000cam a2200000 4500
001 in00000051723
005 20151007073955.0
008 800611s1915 mouac 00010 eng
010 |a  15015737  
035 |a (OCoLC)06406150 
035 |9 AAF0717AM 
040 |a DLC  |c TXA  |d UtOrBLW 
049 |a TXAM  |c [61679] 
050 0 |a S419  |b .H2 
092 |a 630.9  |b H163h5 
100 1 |a Hale, Philip Henry. 
245 1 0 |a Hale's history of agriculture by dates. :  |b A simple record of historical events and victories of peaceful industries /  |c Published in connection with The National farmer and stock grower ... 
250 |a 5th ed. ... 
264 1 |a St. Louis, Mo. :  |b The Hale Publishing Co.,  |c 1915. 
300 |a 95 pages :  |b illustrations (including portraits) ;  |c 24 cm. 
336 |a text  |b txt  |2 rdacontent 
337 |a unmediated  |b n  |2 rdamedia 
338 |a volume  |b nc  |2 rdacarrier 
500 |a Cover-title. 
500 |a Advertising matter: pages 85-95. 
650 0 |a Agriculture  |x History. 
650 0 |a Livestock. 
730 0 |a National farmer and stock grower. 
999 |a MARS 
999 f f |s 8d7ca9a9-c154-3aa8-aebc-f432129c785c  |i 542d10e0-90fd-31b7-8b59-e1378f24893e  |t 0 
952 f f |p ric  |a Texas A&M University  |b Rellis Campus  |c Joint Library Facility  |d Remote Storage  |t 0  |e S419 .H2  |h Library of Congress classification  |i unmediated -- volume  |m A14801057227 
998 f f |a S419 .H2  |t 0  |l Remote Storage